000 01112nam a2200241Ia 4500
999 _c36456
_d36456
001 2371
003 GE_BSU
005 20200127143339.0
008 181216s2011||||ge |||||||||||||| ||geo||
020 _a9789941917844
041 _ageo
080 _a343(075.8) ა–14
100 _aაბაშიძე, გივი
_91912
245 _aპროკურორი, როგორც სისხლისსამართლებრივი დევნის სუბიექტი (გამოძიების სტადიაზე) /
_cგივი აბაშიძე ; რედ.ნიკოლოზ გაბრიჩიძე
264 _aთბილისი :
_bინოვაცია,
_c2011.
300 _a215 გვ.;
_b20 სმ.
504 _aბიბლ.გვ.205
653 _aპროკურორი
653 _aსისხლისსამართლებრივი დევნა
653 _aსამართალი
700 _aგაბრიჩიძე, ნიკოლოზ
_eრედაქტორი
_91911
942 _cBK
_2udc